000
00262nam a2200109Ia 4500
008
231106s2019 xx 000 0 und d
041
_a
eng
100
_a
WIL FREEBORN
245
_a
ANNA MASONS WATERCOLOUR WORLD
260
_b
SEARCH PRESS
_c
2019
300
_a
P-144
999
_c
920135
_d
920135